La muerte de Sócrates

Αποθηκεύτηκε σε:
Λεπτομέρειες βιβλιογραφικής εγγραφής
Κύριος συγγραφέας: Guardini, Romano (Συγγραφέας)
Μορφή: Βιβλίο
Γλώσσα:Ισπανικά
Έκδοση: Buenos Aires Emecé 1960
Σειρά:Grandes Ensayistas
Θέματα:
Ετικέτες: Προσθήκη ετικέτας
Δεν υπάρχουν, Καταχωρήστε ετικέτα πρώτοι!

MARC

LEADER 00000nam a2200000 a 4500
001 UCV7861
003 CL-VaPUC
008 891121e19600000AG |||||||||||||||||spa|d
082 0 4 |a 184  |b GUA  |2 21 
100 |a Guardini, Romano  |e author  |9 341351 
245 1 3 |a La muerte de Sócrates 
300 |a 269 p 
942 |c BK 
945 |d 19891121 00:00:00 
260 |a Buenos Aires  |b Emecé  |c 1960 
650 0 |a Platonismo  |9 265673 
583 |a last modification  |c 19891121 00:00:00  |k Rodrigo Vera 
490 0 |a Grandes Ensayistas 
999 |c 213471  |d 213469 
952 |0 0  |1 0  |4 0  |6 184_000000000000000_GUA_1960  |7 0  |8 P  |9 195881  |a BIBARQ  |b BIBARQ  |d 2019-11-14  |i 2638673  |o 184 GUA 1960  |p 2638673  |r 2025-01-20  |w 2019-11-14  |y BK  |k ARQ 
952 |0 0  |1 0  |4 0  |6 184_000000000000000_GUA_1960  |7 0  |8 P  |9 195882  |a BIBEDU  |b BIBEDU  |c BIBEDU_PB  |d 2019-11-14  |i 3172783  |o 184 GUA 1960  |p 3172783  |r 2024-01-25  |w 2019-11-14  |y BK  |k FIL